000 01317nam a2200325 i 4500
001 184287
003 ES-MaACL
005 20231118191139.0
008 150610s2010 sp abj |||| |bspa d
020 _a978-84-96756-75-5
080 _a929 Omar Jayyam
100 1 _aTeimourian, Hazhir (
_d1940-)
_9156992
245 1 0 _aOmar Jayyam
_b: poeta, rebelde, astrónomo /
_cHazhir Teimourian ; traducción de Laura Herrero Felipe ; [editor, David González Romero].
250 _a1ª ed.
260 _a[Córdoba] :
_bBerenice,
_c2010.
300 _a501 p. :
_bil., mapa ;
_c23 cm.
500 _aCronología: p. 479-485.
500 _aÍndice onomástico.
504 _aBibliografía: p. 487-491.
505 8 _aApéndices: I ;
_tLos robaiyyat: una nueva traducción (p. 415-431) II ;
_tLos robaiyyat de Edward Fitzgerald III ;
_tOmar el Griego IV ;
_tLas matemáticas de Omar Jayyam y otros escritos
600 1 7 _aOmar Khayyam.
_9156993
700 1 _aHerrero Felipe, Laura.
_9156994
700 1 _aGonzález Romero, David.
_9156995
700 1 _aOmar Khayyam.
_9156993
740 0 2 _aRobaiyat.
852 _aES-MaACL
_jA-13530
_9191283
_bR.150439
_cDEPO1
_dOlim: N-6530
_hDonación: Andrés P. Riádicas
903 _9234585
_aAndrés P. Riádicas
_ednr
942 _2udc
_cMONOGRAFIA
999 _c184287
_d184287